00321nam a2200133Ia 4500008004100000041000800041082001600049100001900065245002600084260001800110300000800128650003200136999001900168230817s1988 xx 000 0 und d aeng a615.119/GUP a"Gupta S, R. " aHand Book of Medicin bS.CHANDc1988 a744 aPHARMACOLOGY AND TOXICOLOGY c822888d822888